[Event "Landesklasse Ost 2025/26"]
[Site "?"]
[Date "2025.12.14"]
[Round "4.6"]
[White "Skibbe, Diana"]
[Black "Boroshnev, Dmytro"]
[Result "0-1"]
[WhiteElo "1885"]
[BlackElo "1861"]
[WhiteFideId "-1"]
[BlackFideId "-1"]
[PlyCount "84"]
[GameId "552383094311"]
[EventDate "2025.09.14"]
[EventType "team-tourn"]
[EventRounds "9"]
[SourceTitle "Thueringer Schachbund"]
[Source "ThSB"]
[SourceDate "2025.09.14"]
[SourceVersion "1"]
[SourceVersionDate "2025.09.14"]
[SourceQuality "1"]
[WhiteTeam "SC Rochade Zeulenroda"]
[BlackTeam "SC Turm Erfurt"]

1. e4 c5 2. Nf3 d6 3. d4 cxd4 4. Nxd4 Nf6 5. Nc3 a6 6. Be2 e5 7. Nb3 Be6 8. Be3 Be7 9. O-O Nbd7 10. f3 O-O 11. Nd5 Bxd5 12. exd5 b5 13. a4 Nb6 14. axb5 Nbxd5 15. Qd2 Nxe3 16. Qxe3 Nd5 17. Qd2 Qb6+ 18. Kh1 Ne3 19. bxa6 Nxf1 20. Bxf1 Rfc8 21. Bd3 d5 22. Bf5 Rd8 23. Qe2 Bf6 24. Bd3 Re8 25. Ra4 Re7 26. Qd2 Qc6 27. Qb4 g6 28. Na5 Qe6 29. Nb7 e4 30. fxe4 dxe4 31. Nc5 Qg4 32. Bf1 Qd1 33. Qc4 e3 34. Qe2 Qxe2 35. Bxe2 Bxb2 36. g3 Rc7 37. Rc4 Rac8 38. Bf3 Rxc5 39. Rxc5 Rxc5 40. a7 Ra5 41. a8=Q+ Rxa8 42. Bxa8 e2 0-1

[Event "Landesklasse Ost 2025/26"]
[Site "?"]
[Date "2025.12.14"]
[Round "4.7"]
[White "Waldhelm, Bernward"]
[Black "Läßiger, Helko"]
[Result "1-0"]
[WhiteElo "1628"]
[BlackElo "1737"]
[WhiteFideId "-1"]
[BlackFideId "-1"]
[PlyCount "63"]
[GameId "552384434840"]
[EventDate "2025.09.14"]
[EventType "team-tourn"]
[EventRounds "9"]
[SourceTitle "Thueringer Schachbund"]
[Source "ThSB"]
[SourceDate "2025.09.14"]
[SourceVersion "1"]
[SourceVersionDate "2025.09.14"]
[SourceQuality "1"]
[WhiteTeam "SC Turm Erfurt"]
[BlackTeam "SC Rochade Zeulenroda"]

1. e4 c5 2. d4 cxd4 3. c3 dxc3 4. Nxc3 Nc6 5. Nf3 d6 6. Bc4 e6 7. O-O Be7 8. Qe2 a6 9. Rd1 Bd7 10. Bf4 e5 11. Bg3 h5 12. h3 h4 13. Bh2 Rh6 14. Nd5 Rg6 15. Kh1 Rh6 16. Qe3 b5 17. Bb3 Rb8 18. Rac1 g5 19. Nxe7 Qxe7 20. Qxg5 Qxg5 21. Nxg5 Nd4 22. Bxf7+ Ke7 23. Bd5 Nf6 24. f4 Nxd5 25. exd5 Ne2 26. Rc7 Ng3+ 27. Bxg3 hxg3 28. fxe5 dxe5 29. Ne4 Rc8 30. Rxc8 Bxc8 31. Nxg3 Bb7 32. Nf5+ 1-0

[Event "Landesklasse Ost 2025/26"]
[Site "?"]
[Date "2025.12.14"]
[Round "4.8"]
[White "Barth, Christian"]
[Black "Grüner, Nico"]
[Result "0-1"]
[WhiteElo "1707"]
[BlackElo "1627"]
[WhiteFideId "-1"]
[BlackFideId "-1"]
[PlyCount "70"]
[GameId "552386256026"]
[EventDate "2025.09.14"]
[EventType "team-tourn"]
[EventRounds "9"]
[SourceTitle "Thueringer Schachbund"]
[Source "ThSB"]
[SourceDate "2025.09.14"]
[SourceVersion "1"]
[SourceVersionDate "2025.09.14"]
[SourceQuality "1"]
[WhiteTeam "SC Rochade Zeulenroda"]
[BlackTeam "SC Turm Erfurt"]

{[%evp 0,70,14,16,60,60,60,34,12,25,85,13,23,23,15,-33,11,21,55,38,35,22,46,47,89,51,50,51,68,67,64,0,51,62,52,56,57,47,37,-9,103,87,64,72,118,52,106,88,74,99,79,77,56,-75,-92,-185,-206,-267,-443,-645,-686,-686,-583,-613,-590,-624,-607,-764,-805,-814,-631,-700,-752]} 1. e4 c5 2. Nf3 Nc6 3. d4 cxd4 4. Nxd4 g6 5. c4 Bg7 6. Be3 Nf6 7. f3 O-O 8. Qd2 Qa5 9. Nc3 d6 10. Be2 Bd7 11. O-O Rac8 12. a3 a6 13. b4 Qc7 14. Rac1 Ne5 15. Rc2 Qb8 16. Nd5 Nxd5 17. exd5 Rc7 18. Rfc1 Rfc8 19. c5 dxc5 20. bxc5 Ba4 21. Rc3 Nd7 22. Bf4 Be5 23. c6 Bxf4 24. Qxf4 bxc6 25. Bxa6 Rd8 26. Rc4 Nb6 27. Rb1 Qa7 28. Nxc6 Bxc6 29. dxc6 Nxc4+ 30. Kh1 Nd6 31. Bb7 Qxa3 32. h4 Qa5 33. Qd4 Nxb7 34. cxb7 Rb8 35. Qf4 Rbxb7 0-1

[Event "Landesklasse Ost 2025/26"]
[Site "?"]
[Date "2025.12.14"]
[Round "4.1"]
[White "Buring, Matthias"]
[Black "Günther, Arthur"]
[Result "0-1"]
[WhiteElo "2007"]
[BlackElo "1871"]
[WhiteFideId "-1"]
[BlackFideId "-1"]
[PlyCount "98"]
[GameId "552251522755"]
[EventDate "2025.09.14"]
[EventType "team-tourn"]
[EventRounds "9"]
[SourceTitle "Thueringer Schachbund"]
[Source "ThSB"]
[SourceDate "2025.09.14"]
[SourceVersion "1"]
[SourceVersionDate "2025.09.14"]
[SourceQuality "1"]
[WhiteTeam "SG Arnstadt-Stadtilm"]
[BlackTeam "SSV Vimaria 91 Weimar 2"]

{[%evp 0,98,13,22,107,22,32,44,52,24,47,39,40,33,45,21,14,11,35,31,43,2,-3,-3,3,-27,-17,-122,-20,-55,13,-20,-35,-52,-52,-47,5,8,15,-9,-5,19,34,27,23,-76,-96,-119,-119,-208,-195,-301,-220,-220,-230,-230,-210,-249,-253,-253,-259,-259,-226,-226,-250,-264,-227,-227,-220,-220,-220,-220,-220,-222,-222,-222,-202,-203,-210,-216,-242,-253,-234,-281,-228,-281,-197,-234,-225,-225,-257,-370,-373,-673,-673,-683,-683,-799,-799,-1195,-1195]} 1. d4 f5 2. c4 Nf6 3. Nc3 e6 4. Nf3 Bb4 5. a3 Bxc3+ 6. bxc3 O-O 7. e3 b6 8. Be2 c5 9. O-O Ne4 10. Qb3 Nc6 11. Bb2 Na5 12. Qa2 Ba6 13. Rfd1 Qf6 14. Bf1 f4 15. Bd3 Ng5 16. Nxg5 Qxg5 17. exf4 Qxf4 18. Bc1 Qc7 19. d5 Qe5 20. Qc2 h6 21. f4 Qf6 22. Rb1 Bxc4 23. Bxc4 Nxc4 24. Qa4 exd5 25. Rxd5 Qxc3 26. Qd1 Rae8 27. Bd2 Nxd2 28. Rxd2 Qe3+ 29. Kh1 Rxf4 30. Rxd7 Rfe4 31. Qd5+ Kh8 32. h3 Rd4 33. Qf7 Rxd7 34. Qxd7 Re7 35. Qc8+ Kh7 36. Qf5+ g6 37. Qf8 Qe5 38. Rf1 Qg7 39. Qc8 Rc7 40. Qd8 Qe7 41. Qb8 Kg7 42. Rd1 Rd7 43. Rf1 c4 44. Qc8 Rc7 45. Qb8 c3 46. Rf8 c2 47. Rg8+ Kf6 48. Rf8+ Kg5 49. h4+ Kg4 0-1

[Event "Landesklasse Ost 2025/26"]
[Site "?"]
[Date "2025.12.14"]
[Round "4.2"]
[White "Günther, Andreas"]
[Black "Kaiser, Markus"]
[Result "1/2-1/2"]
[WhiteElo "2079"]
[BlackElo "1951"]
[WhiteFideId "-1"]
[BlackFideId "-1"]
[PlyCount "91"]
[GameId "552251522817"]
[EventDate "2025.09.14"]
[EventType "team-tourn"]
[EventRounds "9"]
[SourceTitle "Thueringer Schachbund"]
[Source "ThSB"]
[SourceDate "2025.09.14"]
[SourceVersion "1"]
[SourceVersionDate "2025.09.14"]
[SourceQuality "1"]
[WhiteTeam "SSV Vimaria 91 Weimar 2"]
[BlackTeam "SG Arnstadt-Stadtilm"]

{[%evp 0,91,22,-33,34,-11,0,44,44,-69,-18,-88,-63,-30,-31,-27,-28,-33,-16,-29,-15,-15,8,8,56,53,50,39,72,78,94,68,74,73,64,30,40,10,36,10,43,37,43,37,75,72,72,56,126,126,119,119,142,128,120,33,33,27,38,19,20,25,-1,-52,-25,-55,-11,-16,-14,-40,-14,-59,-59,-52,-52,-50,-53,-61,-71,-88,-46,-28,-48,-48,-53,-53,-53,-86,-89,-75,-77,-77,-79,-80]} 1. b3 g6 2. Bb2 Nf6 3. e4 Bg7 4. g3 d6 5. Bg2 O-O 6. Ne2 e5 7. O-O Bd7 8. d4 Nc6 9. c4 exd4 10. Nxd4 Nxd4 11. Bxd4 Bc6 12. Nc3 Re8 13. Re1 Re7 14. Qd3 Qd7 15. Re2 a6 16. Rae1 Rae8 17. h3 Nh5 18. Kh2 b6 19. Bf3 Nf6 20. g4 h6 21. Bg2 Nh7 22. f4 Bxd4 23. Qxd4 Qe6 24. Nd5 Bxd5 25. cxd5 Qf6 26. e5 Qg7 27. Qd3 dxe5 28. d6 cxd6 29. Qxd6 Qf6 30. Qxf6 Nxf6 31. fxe5 Nd7 32. Kg3 Rxe5 33. Rxe5 Rxe5 34. Rd1 Nf6 35. Kf4 Re2 36. Bf3 Rxa2 37. Rd6 Kg7 38. Rxb6 a5 39. h4 Rh2 40. Ra6 Rb2 41. g5 hxg5+ 42. hxg5 Nh5+ 43. Bxh5 gxh5 44. Rxa5 Rxb3 45. Ra6 Rb4+ 46. Kf5 1/2-1/2

[Event "Landesklasse Ost 2025/26"]
[Site "?"]
[Date "2025.12.14"]
[Round "4.3"]
[White "Sauer, Marko"]
[Black "Gulich, Christian"]
[Result "1/2-1/2"]
[WhiteElo "1985"]
[BlackElo "1905"]
[WhiteFideId "-1"]
[BlackFideId "-1"]
[PlyCount "89"]
[GameId "552251522848"]
[EventDate "2025.09.14"]
[EventType "team-tourn"]
[EventRounds "9"]
[SourceTitle "Thueringer Schachbund"]
[Source "ThSB"]
[SourceDate "2025.09.14"]
[SourceVersion "1"]
[SourceVersionDate "2025.09.14"]
[SourceQuality "1"]
[WhiteTeam "SG Arnstadt-Stadtilm"]
[BlackTeam "SSV Vimaria 91 Weimar 2"]

{[%evp 0,89,22,20,66,66,17,55,14,-4,48,-4,27,-33,-43,-36,-35,-35,-37,-57,63,-47,-20,-57,-53,-74,-74,-135,-75,-75,-65,-114,-59,-110,-57,-101,-19,23,23,18,24,4,4,-4,22,66,95,95,134,115,92,134,133,156,577,68,91,89,89,96,296,233,303,62,62,53,67,51,51,32,31,14,-5,4,4,-43,1,36,57,17,0,0,36,22,46,0,53,20,6,19,77,0]} 1. d4 f5 2. e4 fxe4 3. Nc3 Nf6 4. Bg5 Nc6 5. Bc4 e6 6. d5 Ne5 7. Qd4 Nxc4 8. Qxc4 c6 9. dxc6 d5 10. cxb7 Bxb7 11. Qb5+ Qd7 12. Qxd7+ Nxd7 13. f3 exf3 14. Nxf3 Bb4 15. Bd2 e5 16. O-O-O e4 17. Ng5 Bxc3 18. Bxc3 Nf6 19. Ne6 Kf7 20. Nc5 Bc6 21. Rhf1 Kg6 22. Ne6 Bd7 23. Nf4+ Kh6 24. Nxd5 Bg4 25. Rd4 Nxd5 26. Rxd5 Rad8 27. Rxd8 Rxd8 28. Bd2+ Kg6 29. Rf4 e3 30. Rxg4+ Kf5 31. Rg3 Rxd2 32. Rxe3 Rxg2 33. Rh3 h6 34. c4 Ke4 35. c5 Kd5 36. Rc3 Kc6 37. b4 Rxa2 38. b5+ Kc7 39. Rf3 Ra5 40. Rb3 Ra2 41. h3 g5 42. Kb1 Rf2 43. Ra3 Kb8 44. Ra6 h5 45. Rg6 1/2-1/2

[Event "Landesklasse Ost 2025/26"]
[Site "?"]
[Date "2025.12.14"]
[Round "4.4"]
[White "Homberger, Jan"]
[Black "Heß, Jürgen"]
[Result "1/2-1/2"]
[WhiteElo "1887"]
[BlackElo "1849"]
[WhiteFideId "-1"]
[BlackFideId "-1"]
[PlyCount "102"]
[GameId "552251522879"]
[EventDate "2025.09.14"]
[EventType "team-tourn"]
[EventRounds "9"]
[SourceTitle "Thueringer Schachbund"]
[Source "ThSB"]
[SourceDate "2025.09.14"]
[SourceVersion "1"]
[SourceVersionDate "2025.09.14"]
[SourceQuality "1"]
[WhiteTeam "SSV Vimaria 91 Weimar 2"]
[BlackTeam "SG Arnstadt-Stadtilm"]

{[%evp 0,102,13,8,32,18,43,25,43,-52,8,19,-10,-5,96,17,49,-101,-106,-100,-79,-79,-53,-32,-6,-6,1,29,35,-7,26,23,62,45,56,77,95,52,61,24,19,-17,-17,-31,26,26,66,71,71,40,25,34,34,42,65,41,53,13,32,21,-10,-10,30,0,51,-43,13,13,6,-71,-44,-37,-79,-90,-97,-97,-112,-112,-88,-140,-125,-141,-141,-131,-40,-18,0,0,36,55,73,72,72,64,87,49,52,60,60,65,65,54,83,61,61]} 1. e4 e5 2. Nf3 Nc6 3. Bc4 Nf6 4. Ng5 d5 5. exd5 Na5 6. Bb5+ Bd7 7. Qe2 Be7 8. Bc4 Nxc4 9. Qxc4 O-O 10. Nc3 h6 11. Nf3 Bf5 12. d3 Re8 13. O-O Bd6 14. Nd2 Nd7 15. Nde4 Nb6 16. Qb3 Bf8 17. Be3 Bg6 18. Bxb6 axb6 19. Ne2 Kh7 20. f4 f5 21. N4g3 Bc5+ 22. Kh1 exf4 23. Nxf4 Bd6 24. Nxg6 Bxg3 25. hxg3 Kxg6 26. Rae1 Qg5 27. d4 Re2 28. a3 Rae8 29. Rxe2 Qh5+ 30. Kg1 Qxe2 31. Qc3 Qe4 32. Rf4 Qe1+ 33. Qxe1 Rxe1+ 34. Kf2 Rc1 35. c3 Rc2+ 36. Kf3 Rxb2 37. g4 Rb3 38. gxf5+ Kf6 39. g4 Rxc3+ 40. Ke2 Rxa3 41. Re4 Ra8 42. Re6+ Kf7 43. d6 cxd6 44. Rxd6 Re8+ 45. Kd3 b5 46. Rb6 Re7 47. Rxb5 Kf6 48. Rb6+ Kg5 49. Rg6+ Kf4 50. Kc4 h5 51. gxh5 Kxf5 1/2-1/2

[Event "Landesklasse Ost 2025/26"]
[Site "?"]
[Date "2025.12.14"]
[Round "4.5"]
[White "Grkinic, Goran"]
[Black "Bemmann, Carlo"]
[Result "1-0"]
[WhiteElo "1889"]
[BlackElo "1870"]
[WhiteFideId "-1"]
[BlackFideId "-1"]
[PlyCount "79"]
[GameId "552251522926"]
[EventDate "2025.09.14"]
[EventType "team-tourn"]
[EventRounds "9"]
[SourceTitle "Thueringer Schachbund"]
[Source "ThSB"]
[SourceDate "2025.09.14"]
[SourceVersion "1"]
[SourceVersionDate "2025.09.14"]
[SourceQuality "1"]
[WhiteTeam "SG Arnstadt-Stadtilm"]
[BlackTeam "SSV Vimaria 91 Weimar 2"]

{[%evp 0,79,22,-17,-17,-17,12,-47,-44,-65,3,-3,-3,19,15,17,19,12,54,36,31,6,-12,-13,-35,-67,-29,-74,-37,-68,-48,69,99,59,61,49,117,118,150,-20,118,-44,71,-16,80,120,169,169,169,169,148,121,116,109,125,125,133,110,110,84,137,121,153,71,54,56,0,25,25,25,322,354,431,431,443,295,570,598,598,641,29999,-30000]} 1. c4 e6 2. Nf3 Nf6 3. g3 d5 4. Bg2 c5 5. O-O Nc6 6. d3 Be7 7. Bf4 O-O 8. Nc3 Nh5 9. Bd2 d4 10. Nb5 a6 11. Na3 e5 12. Ne1 Be6 13. e4 g6 14. f4 f5 15. exf5 Bd7 16. fxg6 hxg6 17. Be4 Kg7 18. f5 Nf6 19. g4 Rh8 20. Rf2 Rh4 21. Rg2 Qh8 22. Bg5 Rh3 23. Bxf6+ Bxf6 24. g5 Bd8 25. f6+ Kf7 26. Bd5+ Kf8 27. Nf3 Bc7 28. Qe2 Re8 29. Be4 Kf7 30. Re1 Qh5 31. Nd2 Qxe2 32. Rexe2 Nb4 33. Rg3 Rxg3+ 34. hxg3 b6 35. Rh2 Rg8 36. Rh7+ Ke6 37. Nc2 Kd6 38. Nxb4 cxb4 39. Bd5 Rf8 40. Ne4# 1-0

[Event "Landesklasse Ost 2025/26"]
[Site "?"]
[Date "2025.12.14"]
[Round "4.6"]
[White "Han, Erdem"]
[Black "Marufke, Kai"]
[Result "1-0"]
[WhiteElo "1787"]
[BlackElo "1654"]
[WhiteFideId "-1"]
[BlackFideId "-1"]
[PlyCount "115"]
[GameId "552251522957"]
[EventDate "2025.09.14"]
[EventType "team-tourn"]
[EventRounds "9"]
[SourceTitle "Thueringer Schachbund"]
[Source "ThSB"]
[SourceDate "2025.09.14"]
[SourceVersion "1"]
[SourceVersionDate "2025.09.14"]
[SourceQuality "1"]
[WhiteTeam "SSV Vimaria 91 Weimar 2"]
[BlackTeam "SG Arnstadt-Stadtilm"]

{[%evp 0,115,22,18,39,18,40,40,40,40,50,49,31,31,43,30,59,60,80,80,117,117,125,128,150,105,108,120,138,107,113,98,134,103,103,71,76,83,79,69,58,68,81,78,87,72,72,60,131,141,141,93,121,133,165,160,160,141,146,149,149,140,149,148,141,137,128,144,138,132,182,68,174,119,119,125,174,110,119,87,93,91,84,75,78,75,118,118,121,105,116,109,117,105,129,115,129,129,129,128,131,141,124,124,153,153,165,165,165,186,244,244,249,255,971,1058,1245,1238]} 1. e4 e5 2. Nf3 Nc6 3. d4 exd4 4. Nxd4 Bc5 5. Be3 Qf6 6. c3 Nge7 7. Bc4 Nxd4 8. cxd4 Bb4+ 9. Nc3 Bxc3+ 10. bxc3 d6 11. O-O Qg6 12. f3 O-O 13. Rb1 b6 14. Qc2 Be6 15. Bd3 Rad8 16. c4 f5 17. Kh1 f4 18. Bf2 Qh6 19. a4 g5 20. a5 g4 21. fxg4 Bxg4 22. axb6 axb6 23. Qd2 Qg7 24. Bh4 f3 25. Qg5 Rd7 26. h3 fxg2+ 27. Kxg2 Rxf1 28. Rxf1 Bh5 29. Qxg7+ Kxg7 30. Bf6+ Kg8 31. Kf2 c5 32. Ke3 Nc6 33. d5 Nb4 34. Bb1 Rf7 35. Rf2 Kf8 36. Bd8 Rxf2 37. Kxf2 Bd1 38. Ke3 Bb3 39. Bd3 Nxd3 40. Kxd3 Ke8 41. Bxb6 Kd7 42. e5 dxe5 43. Bxc5 Ba2 44. Kc3 Kc7 45. h4 h5 46. Ba7 Kb7 47. Bf2 Kc7 48. Kb4 Kd6 49. Kb5 Bb1 50. Bc5+ Kd7 51. Ba7 Ba2 52. Bb8 e4 53. Bf4 Bb3 54. Kc5 Ba2 55. Kd4 Bb3 56. c5 Bc2 57. c6+ Kc8 58. d6 1-0

[Event "Landesklasse Ost 2025/26"]
[Site "?"]
[Date "2025.12.14"]
[Round "4.7"]
[White "Feuerpfeil, Tyler Joel"]
[Black "Reichardt, Albert"]
[Result "0-1"]
[WhiteElo "1606"]
[BlackElo "1784"]
[WhiteFideId "-1"]
[BlackFideId "-1"]
[PlyCount "58"]
[GameId "552251522988"]
[EventDate "2025.09.14"]
[EventType "team-tourn"]
[EventRounds "9"]
[SourceTitle "Thueringer Schachbund"]
[Source "ThSB"]
[SourceDate "2025.09.14"]
[SourceVersion "1"]
[SourceVersionDate "2025.09.14"]
[SourceQuality "1"]
[WhiteTeam "SG Arnstadt-Stadtilm"]
[BlackTeam "SSV Vimaria 91 Weimar 2"]

{[%evp 0,58,22,19,65,65,133,112,127,136,127,122,149,138,138,90,110,65,69,5,4,-22,-10,-39,-20,-27,-28,-205,-205,-228,-200,-202,-200,-170,-160,-188,-170,-210,-179,-172,-201,-232,-127,-218,-206,-163,-145,-689,-734,-734,-731,-1320,-1476,-1476,-1545,-1545,-1545,-2089,-2093,-29999,-30000]} 1. d4 f5 2. Nf3 g6 3. Bg5 Bg7 4. e3 Nf6 5. Nc3 d6 6. Bc4 Nc6 7. Qe2 Na5 8. Nd2 Nxc4 9. Nxc4 O-O 10. O-O-O Bd7 11. f3 a5 12. e4 fxe4 13. Nxe4 d5 14. Nxf6+ exf6 15. Bf4 dxc4 16. Qxc4+ Kh8 17. Bxc7 Bb5 18. Qc5 Qd7 19. Rhe1 Rfe8 20. d5 a4 21. d6 Rxe1 22. Rxe1 Re8 23. Re7 Bh6+ 24. Kb1 Rxe7 25. c4 Re1+ 26. Kc2 Rc1+ 27. Kd3 Bxc4+ 28. Kd4 Qe6 29. Qa5 Be3# 0-1

[Event "Landesklasse Ost 2025/26"]
[Site "?"]
[Date "2025.12.14"]
[Round "4.8"]
[White "Bock, Leonas"]
[Black "Schumacher, Andreas"]
[Result "1-0"]
[WhiteElo "1741"]
[BlackElo "1605"]
[WhiteFideId "-1"]
[BlackFideId "-1"]
[PlyCount "107"]
[GameId "552251523004"]
[EventDate "2025.09.14"]
[EventType "team-tourn"]
[EventRounds "9"]
[SourceTitle "Thueringer Schachbund"]
[Source "ThSB"]
[SourceDate "2025.09.14"]
[SourceVersion "1"]
[SourceVersionDate "2025.09.14"]
[SourceQuality "1"]
[WhiteTeam "SSV Vimaria 91 Weimar 2"]
[BlackTeam "SG Arnstadt-Stadtilm"]

{[%evp 0,107,22,19,18,18,26,19,19,5,44,5,21,6,36,29,50,5,70,45,92,99,84,90,87,54,67,67,76,71,70,49,72,30,61,58,69,52,68,62,62,32,48,30,37,17,33,-15,10,-16,-20,-11,-1,1,3,-5,21,27,27,47,47,73,73,58,89,61,80,78,88,54,78,88,100,35,66,76,124,56,95,109,138,130,173,103,173,132,193,183,296,284,299,333,382,285,353,381,381,420,1242,538,661,677,773,829,29993,29994,29997,29998,29999,-30000]} 1. d4 Nf6 2. Nf3 e6 3. e3 d5 4. Bd3 Bd6 5. O-O O-O 6. b3 c6 7. Bb2 Nbd7 8. Ne5 Ne8 9. f4 f5 10. Nd2 Nef6 11. c4 Ne4 12. Nxe4 fxe4 13. Be2 Qe7 14. Bc3 Bb4 15. Bxb4 Qxb4 16. c5 Qc3 17. Qc1 Qxc1 18. Raxc1 Nxe5 19. fxe5 Bd7 20. Rf4 Rf7 21. Rcf1 Raf8 22. h4 Rxf4 23. exf4 g6 24. g4 Kg7 25. Kg2 Kh6 26. Kg3 Kg7 27. a4 a5 28. b4 axb4 29. Rb1 Ra8 30. Rxb4 Bc8 31. Bd1 Kf7 32. Rb2 Kg7 33. h5 Kf7 34. Kh4 Kg7 35. hxg6 Kxg6 36. Rf2 Bd7 37. f5+ Kg7 38. Kh5 Be8+ 39. Kh4 Bd7 40. f6+ Kh8 41. Kh5 Rf8 42. Kh6 Be8 43. g5 Kg8 44. Rb2 Bg6 45. Rxb7 Rc8 46. Rb6 Rc7 47. a5 Ra7 48. a6 Be8 49. Be2 Ra8 50. Rb7 Bg6 51. a7 Be8 52. Rb8 Rxa7 53. Rxe8+ Kf7 54. Bh5# 1-0

[Event "Thüringenliga 2025/26"]
[Site "?"]
[Date "2026.01.18"]
[Round "5.1"]
[White "Darr, Sascha"]
[Black "Meitzner, Jonathan Franz"]
[Result "1-0"]
[WhiteElo "2069"]
[BlackElo "1814"]
[WhiteFideId "-1"]
[BlackFideId "-1"]
[PlyCount "85"]
[GameId "2268036491996037"]
[EventDate "2025.09.14"]
[EventType "team-tourn"]
[EventRounds "9"]
[SourceTitle "Thueringer Schachbund"]
[Source "ThSB"]
[SourceDate "2025.09.14"]
[SourceVersion "1"]
[SourceVersionDate "2025.09.14"]
[SourceQuality "1"]
[WhiteTeam "fuß brothers Jena"]
[BlackTeam "SC Rochade Leinefelde"]

{[%evp 0,85,19,25,29,-9,-2,6,33,14,21,-18,12,18,12,-1,31,23,23,9,-13,-23,-23,-29,-9,0,33,20,8,8,61,32,33,-17,-18,-22,-13,-17,17,-21,-5,-21,24,18,42,53,52,49,45,50,45,64,71,59,59,54,59,68,68,66,45,49,53,56,54,33,31,25,82,97,75,26,49,35,49,60,38,49,493,493,1284,1430,1490,1502,1492,611,1407,1476]} 1. d4 Nf6 2. c4 e6 3. Nf3 b6 4. g3 Ba6 5. b3 Bb4+ 6. Bd2 Be7 7. Bg2 c6 8. Nc3 d5 9. cxd5 cxd5 10. O-O O-O 11. Ne5 Bb7 12. Rc1 a6 13. Bf4 Nh5 14. Be3 f6 15. Nd3 f5 16. Nf4 Nxf4 17. Bxf4 Nc6 18. Na4 Bf6 19. Be3 Rc8 20. Qd2 h5 21. h4 a5 22. Rfd1 Ba6 23. Bf3 g6 24. Kg2 Kh7 25. Bg5 Bxg5 26. Qxg5 Qc7 27. Qf4 Qd8 28. Qg5 Qc7 29. Rd2 Qb7 30. Qe3 Rfe8 31. Rdc2 Bb5 32. Nc3 Nb4 33. Rb2 Bd7 34. a3 Na6 35. Rbc2 b5 36. Nd1 Qb8 37. Qg5 Rxc2 38. Rxc2 Kg7 39. Bxh5 Rf8 40. Qxg6+ Kh8 41. Qh6+ Kg8 42. Bg6 Rf6 43. Qh7+ 1-0

[Event "Thüringenliga 2025/26"]
[Site "?"]
[Date "2026.01.18"]
[Round "5.2"]
[White "Kachel, Alfred"]
[Black "Zipfel, Frank"]
[Result "1/2-1/2"]
[WhiteElo "1834"]
[BlackElo "1976"]
[WhiteFideId "-1"]
[BlackFideId "-1"]
[PlyCount "111"]
[GameId "2268046592695338"]
[EventDate "2025.09.14"]
[EventType "team-tourn"]
[EventRounds "9"]
[SourceTitle "Thueringer Schachbund"]
[Source "ThSB"]
[SourceDate "2025.09.14"]
[SourceVersion "1"]
[SourceVersionDate "2025.09.14"]
[SourceQuality "1"]
[WhiteTeam "SC Rochade Leinefelde"]
[BlackTeam "fuß brothers Jena"]

{[%evp 0,111,25,42,61,42,40,37,58,50,79,62,62,56,48,48,76,40,35,28,48,51,80,29,29,9,-6,-4,4,-50,-9,-11,21,5,6,6,0,-19,9,-24,26,10,57,39,46,-51,-24,-41,-23,-50,-50,-45,-48,-38,0,-9,-15,-21,-34,-43,-61,-61,-52,-113,-36,-48,-50,-58,-52,-59,-28,-109,-110,-120,-125,-139,-147,-148,-150,-166,-184,-234,-142,-123,-146,-161,-174,-155,-93,-113,-92,-426,-168,-161,-120,-116,-102,-93,-96,-79,-96,-81,-74,-76,0,0,0,0,0,0,0,0,8,22]} 1. d4 f5 2. c4 Nf6 3. Nc3 d6 4. Nf3 g6 5. g3 Bg7 6. Bg2 O-O 7. O-O c6 8. Qc2 Na6 9. a3 Re8 10. Rd1 Qc7 11. d5 e5 12. dxe6 Bxe6 13. Bf4 Rad8 14. Qd3 Ne4 15. Nd4 Bf7 16. Nxe4 fxe4 17. Qc2 Qe7 18. Rac1 Nc7 19. b4 c5 20. Nb3 cxb4 21. axb4 d5 22. Bxc7 Qxc7 23. cxd5 Qxc2 24. Rxc2 Rxd5 25. Rxd5 Bxd5 26. Nd2 Bf8 27. b5 a5 28. bxa6 bxa6 29. Rc7 a5 30. Rd7 Bc6 31. Rd4 Bg7 32. Rc4 Bb5 33. Rc5 Bxe2 34. Rxa5 Rd8 35. Nf1 Rd1 36. Ra2 Bd3 37. Ra4 Bf8 38. Ra8 Kg7 39. Rd8 Rc1 40. Rd4 Re1 41. Rd7+ Kh6 42. Rf7 Bc5 43. h4 g5 44. hxg5+ Kg6 45. Rf4 Kxg5 46. Rf7 Kg6 47. Rc7 e3 48. Rc6+ Kg7 49. Rc7+ Kf6 50. Rc6+ Ke7 51. Rc7+ Kd8 52. Rxc5 e2 53. Rd5+ Kc7 54. Rxd3 Rxf1+ 55. Bxf1 e1=Q 56. Re3 1/2-1/2